[Event "4NCL/Div3/WWKS vs. NWE2"]
[Site "Wokefield Park ENG"]
[Date "2008.01.13"]
[Round "6.4"]
[White "Ociepka, Adrian"]
[Black "Page, Mark"]
[Result "0-1"]
[WhiteElo "2095"]
[BlackElo "2165"]
[PlyCount "56"]
[EventDate "2008.01.13"]
[EventCountry "ENG"]
[SourceDate "2007.09.15"]

1. e4 c5 2. Nf3 d6 3. d4 cxd4 4. Nxd4 Nf6 5. Nc3 a6 6. Be3 e5 7. Nb3 Be6 8. Qd2
Be7 9. f3 Nbd7 10. g4 b5 11. g5 b4 12. Ne2 Nh5 13. Ng3 Nf4 14. Bxf4 exf4 15.
Nh5 O-O 16. h4 Ne5 17. Nd4 Qb6 18. Be2 d5 19. exd5 Bc5 20. O-O-O Bxd5 21. Nf5
Bxa2 22. Qxf4 Ng6 23. Qg3 Be3+ 24. Nxe3 Qxe3+ 25. Rd2 Rfd8 26. Rhd1 Rac8 27. f4
Rxc2+ 28. Kxc2 Rc8+ 0-1

[Event "4NCL/Div3/WWKS vs. NWE2"]
[Site "Wokefield Park ENG"]
[Date "2008.01.13"]
[Round "6.5"]
[White "Webster, Paul"]
[Black "Burke, John"]
[Result "1-0"]
[WhiteElo "2135"]
[BlackElo "2083"]
[PlyCount "35"]
[EventDate "2008.01.13"]
[EventCountry "ENG"]
[SourceDate "2007.09.15"]

1. d4 Nf6 2. Nf3 d6 3. g3 Nbd7 4. Bg2 e5 5. dxe5 dxe5 6. O-O Be7 7. Nc3 c6 8.
e4 O-O 9. Qe2 Qc7 10. h3 a5 11. Nh4 g6 12. Bg5 b5 13. Qf3 Kg7 14. Qe3 Kh8 15.
Rad1 Bc5 16. Bxf6+ Kg8 17. Rxd7 Bxe3 18. Rxc7 1-0

[Event "4NCL/Div3/WWKS vs. NWE2"]
[Site "Wokefield Park ENG"]
[Date "2008.01.13"]
[Round "6.6"]
[White "Duckers, Harvey L"]
[Black "Fallowfield, Jeremy"]
[Result "1-0"]
[WhiteElo "2090"]
[BlackElo "2006"]
[PlyCount "73"]
[EventDate "2008.01.13"]
[EventCountry "ENG"]
[SourceDate "2007.09.15"]

1. g3 f5 2. Bg2 Nf6 3. d3 d6 4. e4 Nc6 5. Ne2 g6 6. O-O Bg7 7. c4 O-O 8. Nbc3
e5 9. Rb1 a5 10. a3 Be6 11. Nd5 Qd7 12. b4 axb4 13. axb4 Rab8 14. b5 Ne7 15. f4
fxe4 16. dxe4 c6 17. bxc6 bxc6 18. Rxb8 Rxb8 19. fxe5 Ng4 20. Nf6+ Bxf6 21.
exf6 Nc8 22. Nd4 Bxc4 23. Bh3 h5 24. Rf4 c5 25. Bxg4 hxg4 26. Rxg4 Bf7 27. Nf5
Rb1 28. Qd2 Qe6 29. Nh6+ Kf8 30. Rf4 Qc4 31. Rf1 Qxe4 32. Nxf7 Kxf7 33. Qh6
Qd4+ 34. Kg2 Qd5+ 35. Rf3 Qa2+ 36. Kh3 Qe6+ 37. g4 1-0

[Event "4NCL/Div3/WWKS vs. NWE2"]
[Site "Wokefield Park ENG"]
[Date "2008.01.13"]
[Round "6.7"]
[White "Baruch, Andrew J D"]
[Black "Morrison, Lynne"]
[Result "1-0"]
[WhiteElo "2050"]
[BlackElo "1929"]
[PlyCount "81"]
[EventDate "2008.01.13"]
[EventCountry "ENG"]
[SourceDate "2007.09.15"]

1. c4 Nf6 2. g3 d5 3. cxd5 Qxd5 4. Nf3 Qa5 5. Bg2 c5 6. O-O Nc6 7. d3 e5 8. Bg5
Be7 9. Nc3 Be6 10. Qd2 h6 11. Bxf6 gxf6 12. a3 f5 13. b4 cxb4 14. axb4 Qb6 15.
b5 Nd4 16. Nxd4 exd4 17. Nd5 Bxd5 18. Bxd5 Bg5 19. Qa5 Qxa5 20. Rxa5 Bd8 21.
Ra4 Bb6 22. Bxb7 Rd8 23. f4 O-O 24. Rc1 Kg7 25. Rac4 Rfe8 26. Kf2 Re7 27. Bg2
Rde8 28. R1c2 Rd8 29. Rc6 f6 30. Ra2 Kf7 31. Ra6 Rde8 32. Bf3 Rb8 33. Rc4 Rd8
34. Ke1 Rde8 35. Bh5+ Kg7 36. Bxe8 Rxe8 37. Rxb6 axb6 38. Rxd4 Re6 39. Rc4 Re7
40. Rc6 Rb7 41. Kd2 1-0

[Event "4NCL/Div3/WWKS vs. NWE2"]
[Site "Wokefield Park ENG"]
[Date "2008.01.13"]
[Round "6.8"]
[White "Coates, Christine"]
[Black "Weaving, Richard"]
[Result "0-1"]
[WhiteElo "1490"]
[BlackElo "1850"]
[PlyCount "80"]
[EventDate "2008.01.13"]
[EventCountry "ENG"]
[SourceDate "2007.09.15"]

1. d4 d5 2. Nf3 Nf6 3. Bf4 e6 4. e3 c5 5. c3 Nc6 6. Bd3 Be7 7. Nbd2 O-O 8. O-O
Re8 9. Rc1 Bd6 10. Bxd6 Qxd6 11. dxc5 Qxc5 12. Nb3 Qd6 13. Re1 e5 14. e4 Bg4
15. Bb1 Rad8 16. Qe2 dxe4 17. Bxe4 Nxe4 18. Qxe4 f5 19. Qc4+ Qd5 20. Qxd5+ Rxd5
21. Nfd4 Nxd4 22. Nxd4 Red8 23. f3 exd4 24. fxg4 d3 25. Re7 Rb5 26. b3 fxg4 27.
Rd1 Ra5 28. Rd2 Rc5 29. c4 b5 30. cxb5 Rc2 31. Rxc2 dxc2 32. Re1 Rd1 33. Kf2
Rxe1 34. Kxe1 c1=Q+ 35. Kf2 Qd2+ 36. Kg3 Kf7 37. a4 Qe3+ 38. Kxg4 Kg6 39. g3
h5+ 40. Kh3 Qf3 0-1

[Event "4NCL/Div3/MIN vs. CAMB2"]
[Site "Wokefield Park ENG"]
[Date "2008.01.13"]
[Round "6.1"]
[White "Minnican, Alan"]
[Black "Spencer, Carl"]
[Result "1/2-1/2"]
[WhiteElo "2077"]
[BlackElo "2115"]
[PlyCount "113"]
[EventDate "2008.01.13"]
[EventCountry "ENG"]
[SourceDate "2007.09.15"]

1. d4 e6 2. c4 Nf6 3. Nc3 Bb4 4. Qc2 d5 5. a3 Bxc3+ 6. Qxc3 c5 7. Nf3 Ne4 8.
Qc2 Nc6 9. e3 cxd4 10. exd4 Qa5+ 11. Bd2 Nxd2 12. Qxd2 Qxd2+ 13. Kxd2 Na5 14.
Kc3 dxc4 15. Bxc4 Nxc4 16. Kxc4 b6 17. Rac1 Bb7 18. Kb5 a6+ 19. Kxb6 Bd5 20.
Ka5 O-O 21. b4 f6 22. Rc5 g5 23. Rhc1 Kg7 24. a4 Kg6 25. Rc7 Rfd8 26. Ne1 h5
27. g3 Kf5 28. Nd3 Rd6 29. Rh7 Kg4 30. Nc5 Bf3 31. Rc3 Be2 32. Re3 Bc4 33. f3+
Kf5 34. Re4 Bd5 35. Re3 Bc4 36. Rd7 Rxd7 37. Nxd7 Rd8 38. Nc5 Rxd4 39. Re4 e5
40. g4+ hxg4 41. fxg4+ Kg6 42. b5 axb5 43. axb5 Rxe4 44. Nxe4 Bd5 45. Nd6 f5
46. Nxf5 Kf6 47. Kb4 e4 48. Kc5 Ke5 49. b6 Bb7 50. Ne3 Kf4 51. Kd4 Ba8 52. Nc4
Kxg4 53. Ke3 Kh3 54. Nd6 g4 55. Nxe4 Kxh2 56. Kf4 Kg2 57. Kxg4 1/2-1/2

[Event "4NCL/Div3/MIN vs. CAMB2"]
[Site "Wokefield Park ENG"]
[Date "2008.01.13"]
[Round "6.2"]
[White "Mycroft, Richard"]
[Black "Edwards, Ray B"]
[Result "1-0"]
[WhiteElo "2143"]
[BlackElo "2124"]
[PlyCount "53"]
[EventDate "2008.01.13"]
[EventCountry "ENG"]
[SourceDate "2007.09.15"]

1. e4 c6 2. d4 d5 3. e5 Bf5 4. Ne2 e6 5. Ng3 Bg6 6. h4 h6 7. h5 Bh7 8. Bd3 Bxd3
9. cxd3 Nd7 10. O-O Qb6 11. Be3 f5 12. exf6 Ngxf6 13. Nd2 Bd6 14. Nf3 Qc7 15.
Nh4 Bxg3 16. fxg3 Qxg3 17. Bf2 Qg4 18. Qxg4 Nxg4 19. Ng6 Rg8 20. Rae1 Nxf2 21.
Rxe6+ Kd8 22. Rxf2 Kc7 23. Rf7 Rae8 24. Rxe8 Rxe8 25. Ne5 Rd8 26. Rxg7 Kd6 27.
Nf7+ 1-0

[Event "4NCL/Div3/MIN vs. CAMB2"]
[Site "Wokefield Park ENG"]
[Date "2008.01.13"]
[Round "6.3"]
[White "Ackley, Peter"]
[Black "Chan, Nevil"]
[Result "1-0"]
[WhiteElo "2139"]
[BlackElo "2065"]
[PlyCount "80"]
[EventDate "2008.01.13"]
[EventCountry "ENG"]
[SourceDate "2007.09.15"]

1. g4 d5 2. Bg2 Bxg4 3. c4 c6 4. cxd5 cxd5 5. Qb3 Bc8 6. Bxd5 e6 7. Bxb7 Bxb7
8. Qxb7 Nd7 9. d4 Ngf6 10. Nc3 Be7 11. Nf3 O-O 12. Bf4 Qa5 13. O-O Rfc8 14.
Rac1 Qb6 15. Qxb6 Nxb6 16. Ne5 Nh5 17. Bd2 f6 18. Nd3 Nc4 19. Nb1 Nxd2 20. Nxd2
g6 21. Rxc8+ Rxc8 22. Rc1 Rxc1+ 23. Nxc1 Nf4 24. e3 Nd5 25. Nd3 Kf7 26. e4 Nb4
27. Nxb4 Bxb4 28. Nc4 Ke8 29. Kf1 Kd7 30. Ke2 Kc6 31. Kd3 Bf8 32. Kc3 Bh6 33.
b4 Bf4 34. h3 Bc7 35. a4 a6 36. Ne3 h5 37. Kc4 Bh2 38. f3 Bf4 39. d5+ exd5+ 40.
Nxd5 Be5 1-0

[Event "4NCL/Div3/MIN vs. CAMB2"]
[Site "Wokefield Park ENG"]
[Date "2008.01.13"]
[Round "6.4"]
[White "Beckett, Chris J"]
[Black "Parker, Robert"]
[Result "1-0"]
[WhiteElo "2101"]
[BlackElo "2092"]
[PlyCount "61"]
[EventDate "2008.01.13"]
[EventCountry "ENG"]
[SourceDate "2007.09.15"]

1. d4 Nf6 2. c4 e6 3. Nc3 Bb4 4. f3 d5 5. a3 Bxc3+ 6. bxc3 c5 7. cxd5 exd5 8.
e3 O-O 9. Bd3 Nc6 10. Ne2 cxd4 11. cxd4 Be6 12. O-O Rc8 13. Rb1 b6 14. Bd2 Qd7
15. Ng3 h5 16. Bb5 h4 17. Ne2 Qb7 18. Qa4 Nb8 19. Bd3 Rfd8 20. Be1 h3 21. g4
Qe7 22. Bb4 Qe8 23. Qxe8+ Rxe8 24. Nf4 Bxg4 25. fxg4 Nxg4 26. Rf3 Rxe3 27. Rxe3
Nxe3 28. Re1 Ng2 29. Nxg2 hxg2 30. Kxg2 Nc6 31. Rc1 1-0

[Event "4NCL/Div3/MIN vs. CAMB2"]
[Site "Wokefield Park ENG"]
[Date "2008.01.13"]
[Round "6.5"]
[White "Almond, Richard"]
[Black "Cooley, Oliver"]
[Result "1-0"]
[WhiteElo "2107"]
[BlackElo "2106"]
[PlyCount "111"]
[EventDate "2008.01.13"]
[EventCountry "ENG"]
[SourceDate "2007.09.15"]

1. d4 Nf6 2. c4 g6 3. Nf3 Bg7 4. Nc3 O-O 5. e4 d6 6. Be2 e5 7. O-O Nc6 8. d5
Ne7 9. Ne1 Ne8 10. Nd3 f5 11. f4 fxe4 12. Nxe4 Nf6 13. Bf3 Nf5 14. fxe5 Nxe4
15. Bxe4 dxe5 16. b3 Nd6 17. Rxf8+ Qxf8 18. Nf2 Nxe4 19. Nxe4 Bf5 20. Qe2 Bxe4
21. Qxe4 Qf5 22. Qe2 c6 23. dxc6 bxc6 24. Bb2 Re8 25. Rf1 Qd7 26. Rd1 Qc7 27.
Qe3 Qa5 28. a3 Rd8 29. Rxd8+ Qxd8 30. h3 Qe7 31. b4 a6 32. Qb6 Qd7 33. Qb8+ Kf7
34. Bxe5 Bh6 35. Qc7 Qxc7 36. Bxc7 Ke6 37. Kf2 Bc1 38. a4 Bd2 39. b5 cxb5 40.
axb5 a5 41. Ke2 Bb4 42. Bf4 Bc5 43. Be3 Be7 44. Kd3 Bf6 45. Bd4 Bh4 46. Kc3 h5
47. Kb3 g5 48. Bc3 g4 49. hxg4 hxg4 50. Ka4 Kd6 51. Kxa5 Kc5 52. Be5 Bd8+ 53.
Ka6 Kxc4 54. b6 Bxb6 55. Kxb6 Kd3 56. g3 1-0

[Event "4NCL/Div3/MIN vs. CAMB2"]
[Site "Wokefield Park ENG"]
[Date "2008.01.13"]
[Round "6.6"]
[White "Kreuzer, Christopher"]
[Black "Hawkins, Nick"]
[Result "1/2-1/2"]
[WhiteElo "1947"]
[BlackElo "2016"]
[PlyCount "81"]
[EventDate "2008.01.13"]
[EventCountry "ENG"]
[SourceDate "2007.09.15"]

1. e4 e5 2. Nf3 Nc6 3. d4 exd4 4. Bc4 Nf6 5. O-O Nxe4 6. Re1 d5 7. Bxd5 Qxd5 8.
Nc3 Qh5 9. Nxe4 Be6 10. Bg5 Bd6 11. Nxd6+ cxd6 12. Bf4 O-O 13. Nxd4 Qxd1 14.
Raxd1 Nxd4 15. Rxd4 d5 16. Ra4 Rfc8 17. c3 Rc4 18. Rxc4 dxc4 19. Rd1 Kf8 20.
Bd6+ Ke8 21. Bc5 b6 22. Bd4 f6 23. h3 h5 24. Kh2 Rd8 25. Re1 Kf7 26. Re2 Re8
27. a4 Bd7 28. Rxe8 Bxe8 29. a5 bxa5 30. Bxa7 Ke6 31. Kg3 Kf5 32. f3 Ke5 33.
Bd4+ Kf5 34. h4 g5 35. Kh3 gxh4 36. Kxh4 Kg6 37. g4 hxg4 38. fxg4 Bc6 39. Kg3
f5 40. Kf4 fxg4 41. Kxg4 1/2-1/2

[Event "4NCL/Div3/MIN vs. CAMB2"]
[Site "Wokefield Park ENG"]
[Date "2008.01.13"]
[Round "6.7"]
[White "James, Stephen B"]
[Black "Campbell, Mark"]
[Result "1/2-1/2"]
[WhiteElo "2041"]
[BlackElo "2005"]
[PlyCount "115"]
[EventDate "2008.01.13"]
[EventCountry "ENG"]
[SourceDate "2007.09.15"]

1. e4 c5 2. Nf3 d6 3. d4 cxd4 4. Nxd4 Nf6 5. Nc3 a6 6. Be3 Ng4 7. Bg5 h6 8. Bh4
g5 9. Bg3 Bg7 10. h3 Ne5 11. f3 Nbc6 12. Bf2 b5 13. Qd2 Bd7 14. O-O-O Qa5 15.
a3 Rb8 16. Nb3 Qc7 17. Nd5 Qc8 18. Nd4 Nc4 19. Bxc4 bxc4 20. c3 Ne5 21. Nxe7
Kxe7 22. Nf5+ Bxf5 23. Qxd6+ Ke8 24. exf5 Qb7 25. Rd2 Nd3+ 26. Kd1 Nxf2+ 27.
Rxf2 Qd7 28. Re1+ Kd8 29. Rd2 Qxd6 30. Rxd6+ Kc7 31. Rxa6 Rxb2 32. Re7+ Kb8 33.
f6 Rd8+ 34. Kc1 Rb7 35. Rc6 Rxe7 36. fxe7 Re8 37. Rxc4 Rxe7 38. Kd2 Ra7 39. a4
Rc7 40. Rb4+ Ka7 41. Rb3 Rc4 42. Ra3 Ka6 43. Kd3 Rc7 44. c4 Ka5 45. Ra2 Rd7+
46. Ke3 Be5 47. Ke4 f6 48. Kf5 Rd4 49. Kg6 Rxc4 50. Kxh6 Rxa4 51. Rxa4+ Kxa4
52. Kg6 Kb4 53. g3 Kc5 54. f4 Bxf4 55. Kxf6 Kd4 56. h4 g4 57. Kf5 Bxg3 58. Kxg4
1/2-1/2

[Event "4NCL/Div3/WES2 vs. SLOS2"]
[Site "Wokefield Park ENG"]
[Date "2008.01.13"]
[Round "6.1"]
[White "Pleasants, Allan J"]
[Black "Van Weersal, Arlette"]
[Result "1/2-1/2"]
[WhiteElo "2100"]
[BlackElo "2168"]
[PlyCount "188"]
[EventDate "2008.01.13"]
[EventCountry "ENG"]
[SourceDate "2007.09.15"]

1. e4 e5 2. Nf3 Nc6 3. Bb5 a6 4. Ba4 Nf6 5. O-O Be7 6. Re1 b5 7. Bb3 O-O 8. h3
Bb7 9. c3 d5 10. exd5 Nxd5 11. d4 exd4 12. cxd4 Bf6 13. Nc3 Nxc3 14. bxc3 Na5
15. Bc2 c5 16. Qd3 g6 17. Bh6 Re8 18. a4 b4 19. cxb4 cxb4 20. Rxe8+ Qxe8 21.
Rb1 b3 22. Bxb3 Be4 23. Qc3 Bxb1 24. Qxa5 Be4 25. Ng5 Ra7 26. Qb6 Bxg5 27. Bxg5
Rb7 28. Qf6 Qf8 29. Bc4 Rd7 30. Qe5 Bc6 31. Bf6 Rb7 32. d5 Bxa4 33. Bxa6 Rb1+
34. Kh2 Rb6 35. Be7 Qb8 36. Qxb8+ Rxb8 37. d6 Bd7 38. Bc4 Kg7 39. Bd5 Rb2 40.
Kg3 f6 41. Kf3 h5 42. h4 Rb5 43. Be4 Rb3+ 44. Ke2 Bb5+ 45. Kd2 Rb2+ 46. Ke3
Re2+ 47. Kf3 Re1 48. Bb7 Bd7 49. g3 Re5 50. Kg2 Kf7 51. Bf3 Rc5 52. Be4 Bc6 53.
Bxc6 Rxc6 54. Kf3 Ke6 55. Kg2 Rc3 56. Bf8 Rd3 57. Be7 Kf5 58. Kg1 g5 59. hxg5
fxg5 60. Kg2 Rd2 61. Kf3 Rd5 62. Kg2 Kg4 63. Kh2 Kf3 64. d7 Rxd7 65. Bxg5 Kxf2
66. Bf4 Rd1 67. Be5 Kf3 68. Bc7 Kg4 69. Kg2 Rd2+ 70. Kh1 Kh3 71. Kg1 Rg2+ 72.
Kf1 Rc2 73. Bd6 Kg4 74. Kg1 h4 75. gxh4 Kxh4 76. Kh1 Kh3 77. Kg1 Rg2+ 78. Kh1
Rc2 79. Kg1 Rc1+ 80. Kf2 Kg4 81. Kg2 Rc2+ 82. Kh1 Kf3 83. Kg1 Rc1+ 84. Kh2 Kf2
85. Bg3+ Kf1 86. Kh1 Rc8 87. Bd6 Kf2 88. Be5 Rd8 89. Bf4 Rd1+ 90. Kh2 Rd4 91.
Bg3+ Kf3 92. Be5 Rg4 93. Kh1 Kf2 94. Bh2 Rh4 1/2-1/2

[Event "4NCL/Div3/WES2 vs. SLOS2"]
[Site "Wokefield Park ENG"]
[Date "2008.01.13"]
[Round "6.2"]
[White "Harborne, Matthew"]
[Black "Jenks, Bruce"]
[Result "0-1"]
[WhiteElo "2132"]
[BlackElo "2126"]
[PlyCount "52"]
[EventDate "2008.01.13"]
[EventCountry "ENG"]
[SourceDate "2007.09.15"]

1. e4 c5 2. c3 g6 3. d4 cxd4 4. cxd4 d5 5. exd5 Nf6 6. Bb5+ Nbd7 7. Nc3 Bg7 8.
Bf4 a6 9. Bxd7+ Qxd7 10. Be5 O-O 11. Qb3 Rd8 12. Bxf6 Bxf6 13. Nge2 b5 14. a4
Rb8 15. axb5 axb5 16. Ra5 b4 17. Na2 e6 18. O-O exd5 19. Rc1 Qe7 20. Nf4 Re8
21. h3 Bxd4 22. Nxd5 Qe2 23. Qg3 Bb7 24. Naxb4 Bxd5 25. Nxd5 Rxb2 26. Rf1 Qxf1+
0-1

[Event "4NCL/Div3/WES2 vs. SLOS2"]
[Site "Wokefield Park ENG"]
[Date "2008.01.13"]
[Round "6.3"]
[White "Rutter, Nicholas"]
[Black "Linford, Charles"]
[Result "1-0"]
[WhiteElo "2177"]
[BlackElo "2131"]
[PlyCount "81"]
[EventDate "2008.01.13"]
[EventCountry "ENG"]
[SourceDate "2007.09.15"]

1. e4 c5 2. Nf3 e6 3. d4 cxd4 4. Nxd4 Nc6 5. Nc3 a6 6. Be3 Qc7 7. Bd3 Nf6 8.
O-O Bd6 9. f4 Nxd4 10. e5 Bxe5 11. fxe5 Qxe5 12. Qd2 Ng4 13. Bf4 Qc5 14. Kh1 f5
15. h3 h5 16. Na4 Qc6 17. Qb4 Nxc2 18. Bxc2 Qxc2 19. Nb6 Nf2+ 20. Rxf2 Qxf2 21.
Nxa8 b5 22. Qd6 Kf7 23. Nb6 Bb7 24. Qxd7+ Kf6 25. Be5+ Kxe5 26. Qxb7 Kf6 27.
Nd7+ Kg6 28. Ne5+ Kh7 29. Qf7 Rd8 30. Qg6+ Kg8 31. Qxe6+ Kh7 32. Qg6+ Kg8 33.
Qf7+ Kh7 34. Qxh5+ Kg8 35. Qf7+ Kh7 36. Ng4 Qxb2 37. Qxf5+ Kg8 38. Qe6+ Kh7 39.
Rf1 Qa3 40. Qf5+ Kg8 41. Nh6+ 1-0

[Event "4NCL/Div3/WES2 vs. SLOS2"]
[Site "Wokefield Park ENG"]
[Date "2008.01.13"]
[Round "6.4"]
[White "Ruston, Mark R"]
[Black "Marsh, Roger"]
[Result "1-0"]
[WhiteElo "2116"]
[BlackElo "2101"]
[PlyCount "101"]
[EventDate "2008.01.13"]
[EventCountry "ENG"]
[SourceDate "2007.09.15"]

1. e4 c6 2. d4 d5 3. e5 g6 4. Nf3 Bg7 5. c4 Bg4 6. h3 Bxf3 7. Qxf3 e6 8. Nc3 f6
9. cxd5 exd5 10. Bf4 Nd7 11. O-O-O Ne7 12. e6 Nb6 13. Bd3 Nbc8 14. Qg3 O-O 15.
h4 f5 16. h5 Qe8 17. Be5 f4 18. Bxf4 Nf5 19. Bxf5 Rxf5 20. hxg6 Qxg6 21. Qe3
Ne7 22. Rh3 Rh5 23. Rg3 Qf5 24. Be5 Ng6 25. Bxg7 Kxg7 26. Rf3 Qg5 27. Rf7+ Kg8
28. Qxg5 Rxg5 29. Rxb7 Re8 30. Re1 Rxg2 31. Nd1 Re7 32. Rb8+ Kg7 33. Rc8 Nf4
34. Re3 Rxe6 35. Rxe6 Nxe6 36. Rxc6 Nxd4 37. Rc7+ Kg6 38. Rxa7 h5 39. Ra8 Nf5
40. Ra6+ Kg5 41. Ra8 Kf4 42. Rh8 h4 43. a4 d4 44. a5 Rg6 45. b4 Ra6 46. Nb2 Ke4
47. Kd2 Nh6 48. b5 Rf6 49. Nd3 Rf3 50. Re8+ Kd5 51. a6 1-0

[Event "4NCL/Div3/WES2 vs. SLOS2"]
[Site "Wokefield Park ENG"]
[Date "2008.01.13"]
[Round "6.5"]
[White "Taylor-Bowd, Phil"]
[Black "Foster, James J"]
[Result "0-1"]
[WhiteElo "2061"]
[BlackElo "2091"]
[PlyCount "48"]
[EventDate "2008.01.13"]
[EventCountry "ENG"]
[SourceDate "2007.09.15"]

1. e4 e6 2. d4 d5 3. Nd2 dxe4 4. Nxe4 Be7 5. Nf3 Bd7 6. Bd3 Bc6 7. c4 Nd7 8.
O-O h6 9. Ne5 Nxe5 10. dxe5 Qd4 11. Qe2 Rd8 12. Bc2 Qxe5 13. Rb1 Rd4 14. Re1
Bb4 15. f4 Qa5 16. Nc3 Nf6 17. f5 Rg4 18. Nd5 Bxd5 19. cxd5 Bxe1 20. dxe6 O-O
21. exf7+ Kh8 22. Bxh6 gxh6 23. Qe7 Qb6+ 24. Kh1 Bb4 0-1

[Event "4NCL/Div3/WES2 vs. SLOS2"]
[Site "Wokefield Park ENG"]
[Date "2008.01.13"]
[Round "6.6"]
[White "Purton, Ben J"]
[Black "Clark, Ian C"]
[Result "1/2-1/2"]
[WhiteElo "2112"]
[BlackElo "2106"]
[PlyCount "51"]
[EventDate "2008.01.13"]
[EventCountry "ENG"]
[SourceDate "2007.09.15"]

1. e4 c5 2. Nf3 d6 3. Bb5+ Bd7 4. Bxd7+ Qxd7 5. c4 Nc6 6. O-O g6 7. d4 cxd4 8.
Nxd4 Bg7 9. Be3 Nf6 10. f3 O-O 11. Nc3 Rfd8 12. Qd2 a6 13. Rfd1 Rac8 14. b3
Nxd4 15. Bxd4 b5 16. Rac1 bxc4 17. Na4 Qb7 18. bxc4 Nd7 19. Bxg7 Kxg7 20. Qd4+
Kg8 21. Nc3 Qb6 22. Qxb6 Nxb6 23. Nd5 Nxd5 24. cxd5 Kf8 25. Kf2 Ke8 26. h3
1/2-1/2

[Event "4NCL/Div3/WES2 vs. SLOS2"]
[Site "Wokefield Park ENG"]
[Date "2008.01.13"]
[Round "6.7"]
[White "Tunks, Dominic"]
[Black "Edgell, Ben P"]
[Result "1/2-1/2"]
[WhiteElo "1896"]
[BlackElo "2092"]
[PlyCount "54"]
[EventDate "2008.01.13"]
[EventCountry "ENG"]
[SourceDate "2007.09.15"]

1. e4 e5 2. Nf3 Nc6 3. Bb5 Nf6 4. Qe2 d6 5. Bxc6+ bxc6 6. d4 exd4 7. Nxd4 Bd7
8. e5 dxe5 9. Qxe5+ Qe7 10. Bf4 Nd5 11. O-O Qxe5 12. Bxe5 f6 13. Bg3 O-O-O 14.
c4 Ne7 15. Nc3 Nf5 16. Nxf5 Bxf5 17. Na4 Bc2 18. b3 Ba3 19. Rfe1 Rhe8 20. f3
Rxe1+ 21. Rxe1 Bb4 22. Rc1 Rd1+ 23. Rxd1 Bxd1 24. Bf2 a5 25. Bc5 Bc2 26. Kf2
Bd2 27. Be3 Bb4 1/2-1/2

[Event "4NCL/Div3/WES2 vs. SLOS2"]
[Site "Wokefield Park ENG"]
[Date "2008.01.13"]
[Round "6.8"]
[White "Varnam, Liam D"]
[Black "Norman, Dinah"]
[Result "1-0"]
[WhiteElo "2042"]
[BlackElo "1971"]
[PlyCount "105"]
[EventDate "2008.01.13"]
[EventCountry "ENG"]
[SourceDate "2007.09.15"]

1. e4 c6 2. d4 d5 3. Nc3 dxe4 4. Nxe4 Nd7 5. Nf3 Ngf6 6. Ng3 e6 7. Bd3 c5 8. c3
Be7 9. O-O O-O 10. Qc2 b6 11. Ne5 Bb7 12. Bg5 h6 13. Nxd7 Nxd7 14. Bxe7 Qxe7
15. dxc5 Nxc5 16. Bh7+ Kh8 17. b4 Nd7 18. Be4 Nf6 19. Bxb7 Qxb7 20. c4 Rac8 21.
Rfc1 Rfd8 22. Rd1 Qc6 23. Rac1 Kg8 24. a4 Kf8 25. f3 Rxd1+ 26. Qxd1 Ke7 27. c5
Rd8 28. Qc2 bxc5 29. b5 Qb6 30. Qxc5+ Qxc5+ 31. Rxc5 Nd5 32. a5 Rb8 33. Ne4 Kd7
34. g4 Ke7 35. Kf2 Kd7 36. Ke2 Ke7 37. Kd3 Kd7 38. Kc4 Ne3+ 39. Kd4 Nd5 40. Nc3
Ne7 41. Kc4 Kd6 42. Na4 Kd7 43. b6 axb6 44. Nxb6+ Kd6 45. Kb5 Nd5 46. Rc6+ Ke7
47. a6 Nxb6 48. Rxb6 Rd8 49. a7 Rd5+ 50. Ka6 Rd8 51. Rb8 Rd6+ 52. Kb5 Rd5+ 53.
Kc4 1-0

[Event "4NCL/Div3/JUTK vs. SWD2"]
[Site "Wokefield Park ENG"]
[Date "2008.01.13"]
[Round "6.1"]
[White "Williams, Simon K"]
[Black "Spice, Alan"]
[Result "0-1"]
[WhiteElo "2482"]
[BlackElo "2144"]
[PlyCount "78"]
[EventDate "2008.01.13"]
[EventCountry "ENG"]
[SourceDate "2007.09.15"]

1. d4 d5 2. c4 dxc4 3. Nf3 Nf6 4. Nc3 a6 5. e4 b5 6. e5 Nd5 7. Ng5 e6 8. Qh5 g6
9. Qf3 f5 10. exf6 Qxf6 11. Nxd5 Qxf3 12. Nxc7+ Kd7 13. gxf3 Kxc7 14. Bf4+ Kb6
15. Be5 Bb4+ 16. Ke2 Rd8 17. a3 Be7 18. f4 Bxg5 19. fxg5 Bb7 20. Rg1 Nc6 21.
Ke3 Nxe5 22. dxe5 Rd5 23. f4 Rad8 24. Be2 Rd4 25. Rad1 Re4+ 26. Kf2 Rxf4+ 27.
Kg3 Rxd1 28. Rxd1 Re4 29. Bg4 Kc7 30. Rf1 Rxe5 31. Rf7+ Kb6 32. h4 a5 33. Rxh7
b4 34. axb4 axb4 35. Rf7 c3 36. bxc3 bxc3 37. Rf2 Kc5 38. Kf4 Kd4 39. Ra2 Re3
0-1

[Event "4NCL/Div3/JUTK vs. SWD2"]
[Site "Wokefield Park ENG"]
[Date "2008.01.13"]
[Round "6.2"]
[White "Brown, Alan M"]
[Black "Harakis, Alexis"]
[Result "0-1"]
[WhiteElo "2149"]
[BlackElo "2205"]
[PlyCount "104"]
[EventDate "2008.01.13"]
[EventCountry "ENG"]
[SourceDate "2007.09.15"]

1. d4 d5 2. Nf3 e6 3. c4 Nf6 4. Bg5 Nbd7 5. e3 c6 6. Nc3 Qa5 7. Nd2 Bb4 8. Qc2
O-O 9. Be2 dxc4 10. Bxf6 Nxf6 11. Nxc4 Qc7 12. O-O Bd7 13. Rac1 Rac8 14. Ne4
Be7 15. Ne5 Rfd8 16. Ng5 Be8 17. f4 g6 18. Bf3 Qb8 19. Qb3 Nd5 20. Ne4 f6 21.
Nc4 Bf7 22. Na5 Rc7 23. Nc5 Bxc5 24. dxc5 e5 25. fxe5 fxe5 26. Qa3 Re8 27. Nc4
e4 28. Be2 b5 29. Nd6 Ree7 30. Nxf7 Rxf7 31. Qb3 Qf8 32. Qc2 Rce7 33. Qd2 Qh6
34. Bxb5 Rxf1+ 35. Bxf1 Qxe3+ 36. Qxe3 Nxe3 37. Be2 Kf7 38. Kf2 Nf5 39. Rc4 Kf6
40. Bg4 Ke5 41. Bxf5 gxf5 42. g3 Rd7 43. Ke2 Rd3 44. Ra4 Rd7 45. Ke3 h5 46. Rc4
Rd3+ 47. Ke2 h4 48. gxh4 Rh3 49. Ra4 Rxh4 50. Rxa7 Rxh2+ 51. Ke1 f4 52. b4 f3
0-1

[Event "4NCL/Div3/JUTK vs. SWD2"]
[Site "Wokefield Park ENG"]
[Date "2008.01.13"]
[Round "6.3"]
[White "Mack, Andy"]
[Black "Rees, Gwynfor"]
[Result "1-0"]
[WhiteElo "2224"]
[BlackElo "2070"]
[PlyCount "45"]
[EventDate "2008.01.13"]
[EventCountry "ENG"]
[SourceDate "2007.09.15"]

1. e4 e5 2. Nf3 Nc6 3. d4 exd4 4. Nxd4 Nf6 5. Nxc6 bxc6 6. e5 Qe7 7. Qe2 Nd5 8.
c4 Ba6 9. b3 g5 10. g3 O-O-O 11. Bg2 Bg7 12. Bb2 Rde8 13. O-O f5 14. Re1 Nb6
15. Qd2 Bb7 16. a4 c5 17. a5 Na8 18. Bxb7+ Kxb7 19. Nc3 c6 20. Na4 Nc7 21. Ba3
Na6 22. Nxc5+ Nxc5 23. Bxc5 1-0

[Event "4NCL/Div3/JUTK vs. SWD2"]
[Site "Wokefield Park ENG"]
[Date "2008.01.13"]
[Round "6.4"]
[White "Roberts, David L"]
[Black "Naylor, John"]
[Result "1-0"]
[WhiteElo "2109"]
[BlackElo "2203"]
[PlyCount "81"]
[EventDate "2008.01.13"]
[EventCountry "ENG"]
[SourceDate "2007.09.15"]

1. e4 e5 2. Nf3 Nc6 3. d4 exd4 4. Nxd4 Nf6 5. Nxc6 bxc6 6. e5 Qe7 7. Qe2 Nd5 8.
c4 Nb6 9. Nc3 d6 10. Bf4 d5 11. cxd5 cxd5 12. Qf3 c6 13. Bd3 Qh4 14. O-O Bc5
15. Rac1 Bg4 16. Bg3 Qh5 17. Qf4 Be7 18. e6 Bxe6 19. Qc7 Nd7 20. Bd6 Bxd6 21.
Qxd6 Qe5 22. Qxc6 O-O 23. Rfe1 Qg5 24. Qd6 Nb6 25. f4 Rfd8 26. Qxe6 Qxf4 27.
Qf5 Qh6 28. Rf1 Rf8 29. Rce1 g6 30. Qf6 Qd2 31. Rd1 Qe3+ 32. Kh1 Rae8 33. Bb5
Re6 34. Qd4 Qg5 35. a4 a5 36. Nxd5 Nxd5 37. Qxd5 Re5 38. Qd2 Qh4 39. Qf4 Qe7
40. Qf6 Qc5 41. Rd8 1-0

[Event "4NCL/Div3/JUTK vs. SWD2"]
[Site "Wokefield Park ENG"]
[Date "2008.01.13"]
[Round "6.5"]
[White "Rich, Mark"]
[Black "Morris, Gareth L"]
[Result "0-1"]
[WhiteElo "2173"]
[BlackElo "2118"]
[PlyCount "114"]
[EventDate "2008.01.13"]
[EventCountry "ENG"]
[SourceDate "2007.09.15"]

1. e4 c5 2. Nc3 Nc6 3. f4 g6 4. Nf3 Bg7 5. Bb5 Nd4 6. Bc4 a6 7. a4 e6 8. d3 Ne7
9. e5 d5 10. exd6 Qxd6 11. Ne4 Qc7 12. c3 Nxf3+ 13. Qxf3 Bd7 14. Be3 Bc6 15.
Qf2 Rc8 16. O-O O-O 17. g4 b5 18. axb5 axb5 19. Bb3 c4 20. Bc2 Ra8 21. Rxa8
Rxa8 22. dxc4 bxc4 23. Nd2 Ra2 24. f5 exf5 25. gxf5 Nd5 26. fxg6 hxg6 27. Bd4
Bxd4 28. Qxd4 Rxb2 29. Bd1 Qe7 30. Nxc4 Qg5+ 31. Qg4 Qxg4+ 32. Bxg4 Rc2 33. Bf3
Rxc3 34. Ne5 Ne3 35. Rb1 Bxf3 36. Nxf3 Kg7 37. Ng5 Rc2 38. Ne4 f5 39. Nf2 Kh6
40. Re1 f4 41. Nd3 g5 42. h4 Kh5 43. hxg5 Kxg5 44. Rb1 Rd2 45. Nf2 Ra2 46. Rb4
Kh4 47. Rb8 Kg3 48. Ne4+ Kf3 49. Ng5+ Kg4 50. Ne4 Rg2+ 51. Kh1 Kf3 52. Nc5 Rc2
53. Nd3 Kg3 54. Rg8+ Ng4 55. Re8 Rd2 56. Ne1 Nf2+ 57. Kg1 Nh3+ 0-1